Computer Systems Architecture (Record no. 2339)
[ view plain ]
| 000 -LEADER | |
|---|---|
| fixed length control field | 00342nam a2200145Ia 4500 |
| 008 - FIXED-LENGTH DATA ELEMENTS--GENERAL INFORMATION | |
| fixed length control field | 191201s2008 xx 000 0 und d |
| 082 ## - DEWEY DECIMAL CLASSIFICATION NUMBER | |
| Classification number | 004.22 |
| Item number | MAC |
| 100 ## - MAIN ENTRY--PERSONAL NAME | |
| Personal name | MORRIS MANO, M |
| 245 #0 - TITLE STATEMENT | |
| Title | Computer Systems Architecture |
| 250 ## - EDITION STATEMENT | |
| Edition statement | 3rd |
| 260 ## - PUBLICATION, DISTRIBUTION, ETC. (IMPRINT) | |
| Place of publication, distribution, etc | N.Delhi |
| Name of publisher, distributor, etc | PHI |
| Date of publication, distribution, etc | 2008 |
| 300 ## - PHYSICAL DESCRIPTION | |
| Extent | 543 |
| 650 ## - SUBJECT ADDED ENTRY--TOPICAL TERM | |
| Topical term or geographic name as entry element | B.Tech(CSE) |
| 942 ## - ADDED ENTRY ELEMENTS (KOHA) | |
| Source of classification or shelving scheme | Dewey Decimal Classification |
| Koha item type | Text Books |
| 942 ## - ADDED ENTRY ELEMENTS (KOHA) | |
| -- | 42 |
| Withdrawn status | Lost status | Source of classification or shelving scheme | Damaged status | Not for loan | Collection code | Home library | Current library | Date acquired | Source of acquisition | Cost, normal purchase price | Bill Number | Total Checkouts | Full call number | Acc. no. / Barcode | Date last seen | Date last borrowed | Bill Date | Koha item type |
|---|---|---|---|---|---|---|---|---|---|---|---|---|---|---|---|---|---|---|
| Dewey Decimal Classification | B.Tech(CSE) | PIET C-LIBRARY | PIET C-LIBRARY | 29/08/2006 | M/s UDH, Delhi | 195.00 | 10395 | 5 | 004.22 MAC | 5025 | 19/06/2023 | 16/06/2023 | 16/01/2006 | Text Books | ||||
| Dewey Decimal Classification | B.Tech(CSE) | PIET C-LIBRARY | PIET C-LIBRARY | 09/05/2013 | IBH, New Delhi | 425.00 | 1021 | 3 | 004.22 MOC | 21881 | 09/02/2022 | 18/01/2022 | 06/05/2013 | Text Books | ||||
| Dewey Decimal Classification | B.Tech(CSE) | PIET C-LIBRARY | PIET C-LIBRARY | 09/05/2013 | IBH, New Delhi | 425.00 | 1021 | 5 | 004.22 MOC | 21882 | 11/05/2023 | 13/04/2023 | 06/05/2013 | Text Books | ||||
| Dewey Decimal Classification | B.Tech(CSE) | PIET C-LIBRARY | PIET C-LIBRARY | 09/05/2013 | IBH, New Delhi | 425.00 | 1021 | 3 | 004.22 MOC | 21883 | 02/01/2023 | 15/12/2022 | 06/05/2013 | Text Books | ||||
| Dewey Decimal Classification | B.Tech(CSE) | PIET C-LIBRARY | PIET C-LIBRARY | 09/05/2013 | IBH, New Delhi | 425.00 | 1021 | 4 | 004.22 MOC | 21884 | 05/01/2023 | 20/12/2022 | 06/05/2013 | Text Books | ||||
| Dewey Decimal Classification | B.Tech(CSE) | PIET C-LIBRARY | PIET C-LIBRARY | 09/05/2013 | IBH, New Delhi | 425.00 | 1021 | 4 | 004.22 MOC | 21885 | 24/12/2024 | 10/12/2024 | 06/05/2013 | Text Books | ||||
| Dewey Decimal Classification | B.Tech(CSE) | PIET C-LIBRARY | PIET C-LIBRARY | 09/05/2013 | IBH, New Delhi | 425.00 | 1021 | 3 | 004.22 MOC | 21886 | 21/01/2025 | 07/01/2025 | 06/05/2013 | Text Books | ||||
| Dewey Decimal Classification | B.Tech(CSE) | PIET C-LIBRARY | PIET C-LIBRARY | 09/05/2013 | IBH, New Delhi | 425.00 | 1021 | 4 | 004.22 MOC | 21887 | 17/12/2024 | 06/12/2024 | 06/05/2013 | Text Books | ||||
| Dewey Decimal Classification | B.Tech(CSE) | PIET C-LIBRARY | PIET C-LIBRARY | 09/05/2013 | IBH, New Delhi | 425.00 | 1021 | 1 | 004.22 MOC | 21888 | 10/11/2021 | 27/10/2021 | 06/05/2013 | Text Books | ||||
| Dewey Decimal Classification | B.Tech(CSE) | PIET C-LIBRARY | PIET C-LIBRARY | 09/05/2013 | IBH, New Delhi | 425.00 | 1021 | 2 | 004.22 MOC | 21889 | 02/01/2023 | 22/12/2022 | 06/05/2013 | Text Books | ||||
| Dewey Decimal Classification | B.Tech(CSE) | PIET C-LIBRARY | PIET C-LIBRARY | 09/05/2013 | IBH, New Delhi | 425.00 | 1021 | 3 | 004.22 MOC | 21890 | 02/12/2024 | 19/11/2024 | 06/05/2013 | Text Books | ||||
| Dewey Decimal Classification | B.Tech(CSE) | PIET C-LIBRARY | PIET C-LIBRARY | 09/05/2013 | IBH, New Delhi | 425.00 | 1021 | 1 | 004.22 MOC | 21891 | 12/01/2023 | 19/12/2022 | 06/05/2013 | Text Books | ||||
| Dewey Decimal Classification | B.Tech(CSE) | PIET C-LIBRARY | PIET C-LIBRARY | 09/05/2013 | IBH, New Delhi | 425.00 | 1021 | 2 | 004.22 MOC | 21892 | 11/03/2022 | 03/01/2022 | 06/05/2013 | Text Books | ||||
| Dewey Decimal Classification | B.Tech(CSE) | PIET C-LIBRARY | PIET C-LIBRARY | 09/05/2013 | IBH, New Delhi | 425.00 | 1021 | 2 | 004.22 MOC | 21893 | 01/12/2022 | 16/11/2022 | 06/05/2013 | Text Books | ||||
| Dewey Decimal Classification | B.Tech(CSE) | PIET C-LIBRARY | PIET C-LIBRARY | 09/05/2013 | IBH, New Delhi | 425.00 | 1021 | 7 | 004.22 MOC | 21894 | 07/12/2023 | 24/11/2023 | 06/05/2013 | Text Books | ||||
| Dewey Decimal Classification | B.Tech(CSE) | PIET C-LIBRARY | PIET C-LIBRARY | 09/05/2013 | IBH, New Delhi | 425.00 | 1021 | 3 | 004.22 MOC | 21895 | 12/12/2022 | 28/11/2022 | 06/05/2013 | Text Books |